[Event "87o Campeonato Brasileiro Absoluto Final Aberta"]
[Site "Cuiaba MT"]
[Date "2021.11.02"]
[Round "9"]
[Board "25"]
[White "Do Nascimento, Christian Almeida"]
[Black "Almeida Junior, Alvaro Alves De"]
[Result "1-0"]
[WhiteElo "2037"]
[BlackElo "2106"]
[PlyCount "115"]
[EventDate "2021.10.28"]
[EventRounds "11"]
[EventCountry "BRA"]

1. d4 Nf6 2. Bg5 e6 3. e4 c5 4. d5 h6 5. Bxf6 Qxf6 6. Nc3 d6 7. Nf3 Be7 8. Bb5+
Nd7 9. dxe6 fxe6 10. e5 dxe5 11. O-O O-O 12. Qe2 Nb6 13. Rad1 Nd5 14. Nxd5 exd5
15. Qxe5 a6 16. Bd3 Qxe5 17. Nxe5 Bf6 18. Ng6 Re8 19. c3 Be6 20. Nf4 Bf7 21.
Rfe1 b5 22. Bg6 d4 23. Bxf7+ Kxf7 24. Nd5 Rxe1+ 25. Rxe1 d3 26. Nxf6 Kxf6 27.
b3 a5 28. c4 a4 29. cxb5 axb3 30. axb3 Ra3 31. Rb1 Ke5 32. Kf1 Ra5 33. Ke1 Kd4
34. Rc1 Rxb5 35. Rc4+ Ke5 36. Rc3 c4 37. bxc4 Rb1+ 38. Kd2 Kd4 39. Rxd3+ Kxc4
40. Rd7 g5 41. Rd6 h5 42. Rh6 h4 43. Rg6 Kd4 44. Rxg5 Rb2+ 45. Ke1 Kd3 46. Rd5+
Ke4 47. Rd2 Rb1+ 48. Ke2 Rh1 49. h3 Rg1 50. f3+ Ke5 51. Kf2 Ra1 52. Re2+ Kf5
53. Re4 Ra2+ 54. Kg1 Kg5 55. Rg4+ Kh5 56. Rg8 Rb2 57. f4 Ra2 58. Rh8+  1-0

[Event "87o Campeonato Brasileiro Absoluto Final Aberta"]
[Site "Cuiaba MT"]
[Date "2021.11.02"]
[Round "9"]
[Board "26"]
[White "Mariano, Marceley Martins"]
[Black "Vicentin, Marcos Tadeu"]
[Result "1-0"]
[WhiteElo "2095"]
[BlackElo "1961"]
[PlyCount "55"]
[EventDate "2021.10.28"]
[EventRounds "11"]
[EventCountry "BRA"]

1. e4 c5 2. Nf3 d6 3. d4 cxd4 4. Nxd4 Nf6 5. Nc3 a6 6. Bg5 e6 7. f4 Be7 8. Qf3
Qc7 9. O-O-O Nbd7 10. Bd3 h6 11. Bh4 g5 12. fxg5 Ne5 13. Qe2 Nfg4 14. Nf3 Nxf3
15. gxf3 hxg5 16. Bg3 Ne5 17. f4 gxf4 18. Bxf4 Bd7 19. Qf2 b5 20. Kb1 Rh7 21.
h4 b4 22. Ne2 Ng4 23. Qf3 e5 24. Bg5 f6 25. Bd2 Be6 26. Rdg1 Nh6 27. Rg6 Ng8
28. Rhg1  1-0

[Event "87o Campeonato Brasileiro Absoluto Final Aberta"]
[Site "Cuiaba MT"]
[Date "2021.11.02"]
[Round "9"]
[Board "27"]
[White "Souza Neves, Andrey M."]
[Black "Dos Anjos, Avner Augusto"]
[Result "1-0"]
[WhiteElo "2087"]
[BlackElo "1923"]
[PlyCount "105"]
[EventDate "2021.10.28"]
[EventRounds "11"]
[EventCountry "BRA"]

1. e4 c5 2. c3 Nf6 3. e5 Nd5 4. Nf3 Nc6 5. Bc4 Nb6 6. Bb3 d5 7. exd6 c4 8. Bc2
Qxd6 9. O-O Bg4 10. Re1 Qf6 11. d4 cxd3 12. Qxd3 Bxf3 13. Qxf3 Qxf3 14. gxf3 e6
15. Bf4 O-O-O 16. a4 Bd6 17. Bg3 Bxg3 18. hxg3 Nc4 19. b3 Nd2 20. Kg2 Nxb1 21.
Raxb1 Rd2 22. Rbc1 h5 23. Red1 Rhd8 24. Rxd2 Rxd2 25. f4 Ne7 26. Kf3 Nd5 27. a5
g6 28. b4 Kd7 29. Be4 f5 30. Bxd5 Rxd5 31. Ke3 e5 32. fxe5 Rxe5+ 33. Kf3 Re4
34. Rd1+ Ke7 35. Rd5 Rc4 36. Rd3 g5 37. Ke2 f4 38. Rd5 Kf6 39. gxf4 Re4+ 40.
Kf1 Rxf4 41. Rb5 h4 42. Rxb7 h3 43. Rxa7 Rf3 44. a6 Rxc3 45. Rh7 Kg6 46. Rh8
Kg7 47. a7 Kxh8 48. a8=Q+ Kh7 49. Qb7+ Kh6 50. Qb6+ Kh5 51. Qf6 Rc1+ 52. Ke2
Rg1 53. Kf3  1-0

[Event "87o Campeonato Brasileiro Absoluto Final Aberta"]
[Site "Cuiaba MT"]
[Date "2021.11.02"]
[Round "9"]
[Board "28"]
[White "Nunes, Gustavo Morais"]
[Black "Silva, Kaua Marques"]
[Result "0-1"]
[WhiteElo "1819"]
[BlackElo "2086"]
[PlyCount "66"]
[EventDate "2021.10.28"]
[EventRounds "11"]
[EventCountry "BRA"]

1. d4 Nf6 2. c4 e6 3. Nf3 b6 4. g3 Bb7 5. Bg2 Bb4+ 6. Bd2 a5 7. a3 Be7 8. Nc3
d6 9. Qc2 Nbd7 10. O-O O-O 11. e4 e5 12. d5 Re8 13. Rac1 Ba6 14. b3 g6 15. Bg5
Nh5 16. Be3 Ng7 17. Bh3 Nf6 18. Ng5 Bc8 19. f4 exf4 20. gxf4 Nfh5 21. Qg2 Bxh3
22. Nxh3 f5 23. e5 dxe5 24. fxe5 Bxa3 25. e6 Bxc1 26. Bxc1 Qh4 27. Ne2 a4 28.
Ng5 axb3 29. Nf7 Qxc4 30. Nh6+ Kf8 31. Bb2 Ra2 32. Bxg7+ Nxg7 33. Qg5 Qc5+  0-1

[Event "87o Campeonato Brasileiro Absoluto Final Aberta"]
[Site "Cuiaba MT"]
[Date "2021.11.02"]
[Round "9"]
[Board "29"]
[White "Arruda Filho, Ivo Pereira De"]
[Black "Nogueira, Ivan Kuhlmann"]
[Result "1/2-1/2"]
[WhiteElo "1718"]
[BlackElo "2237"]
[PlyCount "30"]
[EventDate "2021.10.28"]
[EventRounds "11"]
[EventCountry "BRA"]

1. Nf3 Nc6 2. d4 d5 3. Bf4 f6 4. e3 Bg4 5. Be2 e5 6. dxe5 Bxf3 7. Bxf3 fxe5 8.
Bg3 Nf6 9. O-O Qd6 10. c4 O-O-O 11. cxd5 Nxd5 12. Nc3 Nxc3 13. bxc3 Qxd1 14.
Rfxd1 Bd6 15. Be4 Ne7  1/2-1/2

[Event "87o Campeonato Brasileiro Absoluto Final Aberta"]
[Site "Cuiaba MT"]
[Date "2021.11.02"]
[Round "9"]
[Board "30"]
[White "Santos, Marcus Vinicius Moreira"]
[Black "Jorge, Denrick Cabral Jose"]
[Result "1-0"]
[WhiteElo "2375"]
[BlackElo "1927"]
[PlyCount "85"]
[EventDate "2021.10.28"]
[EventRounds "11"]
[EventCountry "BRA"]

1. d4 Nf6 2. c4 g6 3. h4 h6 4. Nc3 d5 5. cxd5 Nxd5 6. e4 Nxc3 7. bxc3 Bg7 8.
Bc4 c5 9. Ne2 Nc6 10. Be3 cxd4 11. cxd4 Qa5+ 12. Kf1 Bd7 13. Qb3 O-O 14. Rd1
Qd8 15. Bd3 b5 16. Qb2 Na5 17. Qd2 h5 18. Bh6 Nc4 19. Bxc4 bxc4 20. Bxg7 Kxg7
21. f3 Ba4 22. Rc1 Bb5 23. Nc3 Rb8 24. Kf2 e5 25. d5 Bd7 26. Rc2 f5 27. Qe3 Qb6
28. Rb1 Qd4 29. Rd1 Qb6 30. Rb1 Qd4 31. Rd2 Qxe3+ 32. Kxe3 Rb6 33. Rxb6 axb6
34. Rb2 Rb8 35. Rb4 b5 36. a4 Ra8 37. axb5 Ra3 38. Kd2 Rb3 39. Rxb3 cxb3 40. b6
Bc8 41. d6 Kf7 42. d7 Bxd7 43. b7  1-0

[Event "87o Campeonato Brasileiro Absoluto Final Aberta"]
[Site "Cuiaba MT"]
[Date "2021.11.02"]
[Round "9"]
[Board "31"]
[White "Gazineu Neto, Rubens"]
[Black "Carstens Dobuchak, Thiago"]
[Result "1/2-1/2"]
[WhiteElo "1931"]
[BlackElo "2179"]
[PlyCount "48"]
[EventDate "2021.10.28"]
[EventRounds "11"]
[EventCountry "BRA"]

1. e4 c5 2. Nf3 d6 3. d4 cxd4 4. Nxd4 Nf6 5. Nc3 a6 6. g3 e5 7. Nde2 Be7 8. Bg2
Be6 9. O-O b5 10. a4 b4 11. Nd5 Nxd5 12. exd5 Bf5 13. c4 Nd7 14. Be3 Rc8 15. b3
a5 16. f4 Bg4 17. h3 Bxe2 18. Qxe2 O-O 19. f5 Bg5 20. Bf2 g6 21. Be4 Qe8 22.
Kg2 Bd8 23. Be3 Bf6 24. Rf2 Qe7  1/2-1/2

[Event "87o Campeonato Brasileiro Absoluto Final Aberta"]
[Site "Cuiaba MT"]
[Date "2021.11.02"]
[Round "9"]
[Board "32"]
[White "Lage, Pedro Ferreira"]
[Black "Rodrigues Mota, Romulo Cardoso S"]
[Result "1/2-1/2"]
[WhiteElo "2144"]
[BlackElo "1759"]
[PlyCount "124"]
[EventDate "2021.10.28"]
[EventRounds "11"]
[EventCountry "BRA"]

1. Nf3 d5 2. g3 c5 3. Bg2 Nc6 4. d4 Nf6 5. O-O e6 6. c4 Be7 7. Nc3 O-O 8. cxd5
Nxd5 9. Nxd5 Qxd5 10. Ne5 Qxd4 11. Nxc6 bxc6 12. Qc2 Rb8 13. Rd1 Qf6 14. Rb1 e5
15. Be4 Be6 16. b3 h6 17. Be3 Rb4 18. Bxc5 Bxc5 19. Bh7+ Kh8 20. Qxc5 Rfb8 21.
Bc2 Bd5 22. Rd2 e4 23. Rbd1 a5 24. Rd4 R4b5 25. Qa3 e3 26. fxe3 Qg5 27. e4 Be6
28. Qc1 Qxc1 29. Rxc1 Rc5 30. Kf2 Rh5 31. Bd3 Rxh2+ 32. Kg1 Rh3 33. Kg2 Rh5 34.
Rxc6 Ra8 35. Bc4 Bh3+ 36. Kf3 a4 37. Rd5 g5 38. b4 Be6 39. Rdc5 Bxc4 40. Rxc4
Rh1 41. Rc8+ Rxc8 42. Rxc8+ Kg7 43. Ra8 Rf1+ 44. Kg2 Rb1 45. Rxa4 Kf6 46. a3
Ke5 47. Ra6 Rb3 48. Kf2 Kxe4 49. Rxh6 Rxa3 50. Rf6 Rb3 51. Rxf7 Rxb4 52. Kg2
Ke5 53. Kh3 Ke6 54. Rf8 Ra4 55. g4 Ra5 56. Kg3 Rb5 57. Kf3 Rb1 58. Rf5 Rf1+ 59.
Ke4 Rxf5 60. gxf5+ Kf6 61. Kd5 g4 62. Ke4 g3  1/2-1/2

[Event "87o Campeonato Brasileiro Absoluto Final Aberta"]
[Site "Cuiaba MT"]
[Date "2021.11.02"]
[Round "9"]
[Board "33"]
[White "Urquiza, Marcello De Albuquerque"]
[Black "Correa, Joao Pedro Vieira"]
[Result "1-0"]
[WhiteElo "2093"]
[BlackElo "1750"]
[PlyCount "75"]
[EventDate "2021.10.28"]
[EventRounds "11"]
[EventCountry "BRA"]

1. e4 c5 2. Nf3 d6 3. d4 cxd4 4. Qxd4 Nc6 5. Qe3 Nf6 6. Be2 g6 7. O-O Bg7 8. c4
O-O 9. Nc3 Bg4 10. Rb1 Bxf3 11. Bxf3 Nd7 12. Rd1 Qb6 13. Nd5 Qxe3 14. Bxe3 a5
15. a4 Nc5 16. b3 Rac8 17. Bg4 Rcd8 18. f3 e5 19. Nc7 Nd4 20. Bxd4 exd4 21. Nb5
d3 22. g3 h5 23. Bh3 h4 24. Bf1 Be5 25. Kg2 hxg3 26. hxg3 g5 27. Bxd3 Kg7 28.
Bc2 Na6 29. Rd2 Rh8 30. Rg1 Nb4 31. f4 Bf6 32. Bb1 gxf4 33. gxf4 Be7 34. Rgd1
Rh6 35. e5 Rg8 36. exd6 Kf8+ 37. Kf3 Rh3+ 38. Ke4  1-0

[Event "87o Campeonato Brasileiro Absoluto Final Aberta"]
[Site "Cuiaba MT"]
[Date "2021.11.02"]
[Round "9"]
[Board "34"]
[White "Nunes Jr, Sidney"]
[Black "Naief Moreira, Cleber"]
[Result "0-1"]
[WhiteElo "2084"]
[BlackElo "1852"]
[PlyCount "56"]
[EventDate "2021.10.28"]
[EventRounds "11"]
[EventCountry "BRA"]

1. e4 d6 2. d4 Nf6 3. Nc3 g6 4. Be3 Bg7 5. f3 c6 6. Qd2 b5 7. h4 b4 8. Nce2 Qb6
9. Nh3 Nbd7 10. Nef4 c5 11. Bc4 Ba6 12. dxc5 dxc5 13. Nd5 Nxd5 14. Qxd5 O-O-O
15. Bxa6+ Qxa6 16. Kf2 Bxb2 17. Rab1 e6 18. Qb3 Bc3 19. Rhd1 c4 20. Rd6 Qxd6
21. Qxc4+ Qc7 22. Qa6+ Qb7 23. Qc4+ Kb8 24. a3 Rc8 25. Qb3 a5 26. axb4 Bxb4 27.
Nf4 Rc3 28. Qa4 Ra3  0-1

[Event "87o Campeonato Brasileiro Absoluto Final Aberta"]
[Site "Cuiaba MT"]
[Date "2021.11.02"]
[Round "9"]
[Board "35"]
[White "De Oliveira, Aquiles Machado"]
[Black "Ferreira, Thales Bond Dias"]
[Result "1-0"]
[WhiteElo "2059"]
[BlackElo "1805"]
[PlyCount "133"]
[EventDate "2021.10.28"]
[EventRounds "11"]
[EventCountry "BRA"]

1. e4 c5 2. Nc3 Nc6 3. g3 g6 4. Bg2 Bg7 5. d3 e6 6. Be3 Nd4 7. Nge2 Nxe2 8.
Nxe2 Bxb2 9. Rb1 Bg7 10. Bxc5 d6 11. Bb4 Ne7 12. O-O Qc7 13. Qd2 O-O 14. f4 Bd7
15. e5 Nc8 16. exd6 Nxd6 17. Bxd6 Qxd6 18. Rxb7 Bc6 19. Qb4 Qxb4 20. Rxb4 Bxg2
21. Kxg2 Rfc8 22. c4 Rc6 23. Rfb1 Bf6 24. Rb8+ Rxb8 25. Rxb8+ Kg7 26. Kf3 Ra6
27. Nc1 e5 28. fxe5 Bxe5 29. Rb5 Bc3 30. Ke2 Re6+ 31. Kd1 Re1+ 32. Kc2 Bd4 33.
Kd2 Rh1 34. h4 Rh2+ 35. Ne2 Bf2 36. g4 Bxh4 37. d4 Rg2 38. c5 Rxg4 39. c6 Bd8
40. Rb8 Ba5+ 41. Kd3 h5 42. Rb5 Bd8 43. Rb8 Ba5 44. Rb5 Bd8 45. d5 Rg5 46. Kc4
Rg4+ 47. Kd3 Rg5 48. Nd4 Kf6 49. Kc4 a6 50. Rb7 h4 51. d6 h3 52. c7 Bxc7 53.
dxc7 Rg1 54. Rb6+ Kg7 55. Rc6 Rc1+ 56. Kb3 Rxc6 57. Nxc6 h2 58. c8=Q h1=Q 59.
Qxa6 Qd5+ 60. Qc4 Qd1+ 61. Kb4 Qb1+ 62. Kc5 Qf5+ 63. Kb6 Qb1+ 64. Kc7 f5 65. a4
Qg1 66. Qd4+ Qxd4 67. Nxd4  1-0

[Event "87o Campeonato Brasileiro Absoluto Final Aberta"]
[Site "Cuiaba MT"]
[Date "2021.11.02"]
[Round "9"]
[Board "36"]
[White "Costa, Kerginaldo Brito Da"]
[Black "Alves Campelo, Danilo Cesar De L"]
[Result "0-1"]
[WhiteElo "1926"]
[BlackElo "2017"]
[PlyCount "78"]
[EventDate "2021.10.28"]
[EventRounds "11"]
[EventCountry "BRA"]

1. e4 e6 2. d3 d5 3. Qe2 Nf6 4. Nf3 Be7 5. g3 b6 6. e5 Nfd7 7. Bg2 c5 8. O-O
Bb7 9. Re1 Nc6 10. Bf4 g5 11. Bd2 g4 12. Nh4 Bxh4 13. Qxg4 Ndxe5 14. Qxh4 Qxh4
15. gxh4 Rg8 16. Kf1 O-O-O 17. Bf4 Nd7 18. Na3 a6 19. c4 Nb4 20. Rad1 Rxg2 21.
Kxg2 dxc4+ 22. f3 Nxd3 23. Rxd3 cxd3 24. Nc4 e5 25. Nxe5 Nxe5 26. Bxe5 d2 27.
Rd1 Rd3 28. Kf2 Bxf3 29. Rxd2 Rxd2+ 30. Kxf3 Kd7 31. Ke3 Rd5 32. Bc3 Ke6 33.
Kf4 b5 34. a3 Rf5+ 35. Kg4 h5+ 36. Kg3 Kd5 37. Kg2 Kc4 38. Kg3 b4 39. axb4 cxb4
 0-1

[Event "87o Campeonato Brasileiro Absoluto Final Aberta"]
[Site "Cuiaba MT"]
[Date "2021.11.02"]
[Round "9"]
[Board "37"]
[White "Soares, Renan Barbosa Monteiro"]
[Black "Souza Dos Santos, Matheus Garcett"]
[Result "0-1"]
[WhiteElo "1886"]
[BlackElo "1999"]
[PlyCount "118"]
[EventDate "2021.10.28"]
[EventRounds "11"]
[EventCountry "BRA"]

1. d4 Nf6 2. c4 g6 3. Nc3 Bg7 4. e4 d6 5. Nf3 O-O 6. Be2 e5 7. O-O Nc6 8. d5
Ne7 9. Nd2 Nd7 10. b4 f5 11. a4 a5 12. bxa5 fxe4 13. Ndxe4 Nf6 14. Ba3 Bf5 15.
Nxf6+ Bxf6 16. Bb4 Bg7 17. g4 Bd7 18. Rc1 Rf4 19. h3 c5 20. dxc6 Nxc6 21. Bxd6
Rd4 22. Qb3 Rxd6 23. c5+ Re6 24. Nb5 Kh8 25. Rfd1 Nd4 26. Nxd4 exd4 27. Bc4 Re7
28. a6 bxa6 29. Rb1 Bc6 30. Qb6 Qxb6 31. Rxb6 Bxa4 32. Ra1 Be8 33. Bxa6 Rd8 34.
Bd3 Rc7 35. Rc1 Bc6 36. Re1 Bd5 37. Rd6 Rcc8 38. Ba6 Rxd6 39. cxd6 Rd8 40. d7
Bf6 41. Bc8 d3 42. Re8+ Kg7 43. Kf1 d2 44. Ke2 Bf7 45. Re3 Bg5 46. Rc3 Be6 47.
Ra3 Bxd7 48. Ra7 Rxc8 49. Rxd7+ Kh6 50. h4 Re8+ 51. Kf3 Bxh4 52. Rxd2 Rf8+ 53.
Kg2 Rxf2+ 54. Rxf2 Bxf2 55. Kxf2 Kg5 56. Kg3 h6 57. Kf3 Kh4 58. Kf4 g5+ 59. Kf3
Kh3  0-1

[Event "87o Campeonato Brasileiro Absoluto Final Aberta"]
[Site "Cuiaba MT"]
[Date "2021.11.02"]
[Round "9"]
[Board "38"]
[White "Custodio, Leandro"]
[Black "Cymbalista, Eduardo Cymrot"]
[Result "1-0"]
[WhiteElo "1953"]
[BlackElo "1735"]
[PlyCount "107"]
[EventDate "2021.10.28"]
[EventRounds "11"]
[EventCountry "BRA"]

1. Nf3 d5 2. b3 Nf6 3. Bb2 Bf5 4. e3 e6 5. Bd3 Bxd3 6. cxd3 Bd6 7. O-O Nbd7 8.
d4 Qe7 9. Ne5 O-O-O 10. d3 h5 11. Nd2 Ng4 12. Ndf3 f6 13. Ng6 Qf7 14. Nxh8 Rxh8
15. e4 g5 16. Qe2 dxe4 17. dxe4 h4 18. e5 fxe5 19. Nxe5 Ndxe5 20. dxe5 Qf4 21.
g3 hxg3 22. hxg3 Qf5 23. exd6 Rh2 24. d7+ Kd8 25. Qxg4 Qxg4 26. Kxh2 Kxd7 27.
Rad1+ Kc6 28. Rc1+ Kb6 29. Rc2 c6 30. Kg1 Qe4 31. Rd2 a5 32. Bd4+ Ka6 33. Be3
g4 34. Rc1 Qf5 35. Rc4 e5 36. Rd1 Qg6 37. Re1 Qf5 38. Bc5 Qg5 39. Rce4 Qd2 40.
R4e2 Qc3 41. Rxe5 a4 42. bxa4 b5 43. axb5+ cxb5 44. a4 b4 45. Bxb4 Qd3 46. Rc5
Kb6 47. Re6+ Kb7 48. Re7+ Kb6 49. Re6+ Kb7 50. Rce5 Qc2 51. Re1 Qf5 52. Re7+
Kc8 53. Ra7 Qf6 54. Re8+  1-0

[Event "87o Campeonato Brasileiro Absoluto Final Aberta"]
[Site "Cuiaba MT"]
[Date "2021.11.02"]
[Round "9"]
[Board "40"]
[White "Ribeiro, Fabiano Pinto"]
[Black "Peixoto, Rudson Marinho"]
[Result "0-1"]
[WhiteElo "1831"]
[BlackElo "1945"]
[PlyCount "60"]
[EventDate "2021.10.28"]
[EventRounds "11"]
[EventCountry "BRA"]

1. e4 c5 2. Nf3 d6 3. c3 e6 4. g3 Nf6 5. Bg2 Nc6 6. d3 Be7 7. O-O O-O 8. Re1 e5
9. d4 cxd4 10. cxd4 Bg4 11. d5 Nd4 12. h3 Nxf3+ 13. Bxf3 Bxh3 14. Nc3 Bd7 15.
Be3 b5 16. Kg2 b4 17. Ne2 Ng4 18. Bxg4 Bxg4 19. f3 Bd7 20. Qd2 f5 21. Qxb4 Rb8
22. Qd2 fxe4 23. fxe4 Qe8 24. Bxa7 Qh5 25. Ng1 Bg5 26. Be3 Bxe3 27. Rxe3 Rf6
28. Nf3 Qh3+ 29. Kf2 Qh2+ 30. Ke1 Qh1+  0-1

[Event "87o Campeonato Brasileiro Absoluto Final Aberta"]
[Site "Cuiaba MT"]
[Date "2021.11.02"]
[Round "9"]
[Board "41"]
[White "Do Carmo, Gabriel Carckeno"]
[Black "Almeida, Tiago De"]
[Result "0-1"]
[WhiteElo "1398"]
[BlackElo "1943"]
[PlyCount "74"]
[EventDate "2021.10.28"]
[EventRounds "11"]
[EventCountry "BRA"]

1. c4 c5 2. Nc3 Nc6 3. Nf3 g6 4. g3 e5 5. Bg2 Bg7 6. O-O Nge7 7. d3 d6 8. Rb1
O-O 9. a3 a5 10. Ne1 Be6 11. Nc2 d5 12. cxd5 Nxd5 13. Ne3 Nde7 14. Nc4 Rb8 15.
Be3 b5 16. Nd2 Nd4 17. Nce4 Qb6 18. b4 cxb4 19. axb4 a4 20. Nc5 Rfd8 21. Nxe6
Qxe6 22. Ne4 Nd5 23. Nc5 Qe7 24. Bd2 h6 25. h4 Kh7 26. Be4 f5 27. Bg2 f4 28.
Be4 Nf6 29. Kg2 Nxe4 30. Nxe4 Nxe2 31. f3 Nxg3 32. Nxg3 fxg3 33. Be3 Qxh4 34.
Rh1 Qf6 35. Rh3 Qf5 36. Rxg3 Rxd3 37. Qe1 Rxe3  0-1

[Event "87o Campeonato Brasileiro Absoluto Final Aberta"]
[Site "Cuiaba MT"]
[Date "2021.11.02"]
[Round "9"]
[Board "42"]
[White "Duailibi, Ricardo Miguel"]
[Black "Ribeiro, Matheus Mendes Domingues"]
[Result "0-1"]
[WhiteElo "1849"]
[BlackElo "2177"]
[PlyCount "90"]
[EventDate "2021.10.28"]
[EventRounds "11"]
[EventCountry "BRA"]

1. e4 c5 2. c4 e6 3. Nc3 Nc6 4. g3 Nf6 5. Bg2 Be7 6. Nge2 O-O 7. O-O a6 8. a4
Qc7 9. d3 b6 10. f4 Bb7 11. h3 Rfd8 12. Kh1 Nb4 13. Ng1 d5 14. cxd5 exd5 15. e5
Ne8 16. Nf3 d4 17. Ne4 c4 18. Ne1 Rac8 19. dxc4 Qxc4 20. b3 Qc7 21. Bb2 d3 22.
Rc1 Bc5 23. Qd2 Qe7 24. Nxc5 bxc5 25. Nf3 Bd5 26. Qd1 f6 27. Nd2 fxe5 28. fxe5
Nc7 29. Qh5 Bxg2+ 30. Kxg2 Ne6 31. Ne4 Nd5 32. Rf3 Rf8 33. Rcf1 Rxf3 34. Qxf3
Nb4 35. Bc3 Rf8 36. Qd1 Nd5 37. Bd2 Nd4 38. Rxf8+ Qxf8 39. Nf2 Qf5 40. Ng4 h5
41. Ne3 Qxe5 42. Nxd5 Qxd5+ 43. Kf2 Nxb3 44. Bc3 d2 45. Ke3 c4  0-1

[Event "87o Campeonato Brasileiro Absoluto Final Aberta"]
[Site "Cuiaba MT"]
[Date "2021.11.02"]
[Round "9"]
[Board "43"]
[White "Cruz, Natan Gomes"]
[Black "Luz, Arthur Nader"]
[Result "0-1"]
[WhiteElo "1815"]
[BlackElo "2149"]
[PlyCount "88"]
[EventDate "2021.10.28"]
[EventRounds "11"]
[EventCountry "BRA"]

1. d4 Nf6 2. Nf3 g6 3. Nbd2 d5 4. e3 Bg7 5. Bd3 O-O 6. O-O b6 7. Qe2 c5 8. b3
Bb7 9. Bb2 Nc6 10. c3 Qc7 11. Rac1 e5 12. dxe5 Nxe5 13. Nxe5 Qxe5 14. Nf3 Qh5
15. Nd2 Qh4 16. Nf3 Qg4 17. Nd2 Qe6 18. Ba6 Bc6 19. Bb5 Bxb5 20. Qxb5 Ne4 21.
Qd3 Rad8 22. Rfd1 f5 23. Ba1 Ng5 24. Re1 Qc6 25. h4 Nf7 26. Nf3 c4 27. Qd2 Rfe8
28. Red1 Bf6 29. Qc2 b5 30. Bb2 Nd6 31. Nd4 Qa6 32. h5 Ne4 33. hxg6 hxg6 34. g3
Nc5 35. Ra1 Bxd4 36. Rxd4 Re4 37. Kg2 Qe6 38. Ba3 Rxd4 39. exd4 Nd3 40. Qd2 f4
41. Qd1 Re8 42. Qf3 Qf5 43. Kg1 Ne1 44. Qh1 fxg3  0-1

[Event "87o Campeonato Brasileiro Absoluto Final Aberta"]
[Site "Cuiaba MT"]
[Date "2021.11.02"]
[Round "9"]
[Board "44"]
[White "Lima, Vinicius Taishun"]
[Black "Sekula, Markley Ribas"]
[Result "1-0"]
[WhiteElo "1788"]
[BlackElo "2092"]
[PlyCount "100"]
[EventDate "2021.10.28"]
[EventRounds "11"]
[EventCountry "BRA"]

1. e4 e5 2. d4 exd4 3. Bc4 Nf6 4. Nf3 d5 5. exd5 Bb4+ 6. c3 Qe7+ 7. Be2 dxc3 8.
bxc3 Bd6 9. O-O O-O 10. Bg5 Nbd7 11. Re1 Qe4 12. c4 Qg6 13. Bd3 Qh5 14. Qd2 Nc5
15. Bxf6 gxf6 16. Be2 Ne4 17. Qc2 Ng5 18. Nbd2 Bf5 19. Qb2 Kg7 20. h4 Nxf3+ 21.
Nxf3 Bg4 22. Rac1 b6 23. Qd4 Rae8 24. Bd1 Rxe1+ 25. Nxe1 Bxd1 26. Rxd1 Be5 27.
Qd3 Qxh4 28. Nf3 Qh5 29. Qa3 Bh2+ 30. Kf1 Bd6 31. Qe3 Bc5 32. Qe4 Bd6 33. Qe3
f5 34. Qg5+ Qxg5 35. Nxg5 Re8 36. Re1 Rxe1+ 37. Kxe1 Kf6 38. Nf3 f4 39. Ke2 Kf5
40. Nd4+ Ke4 41. Nc6 a6 42. a4 a5 43. f3+ Kf5 44. Nd4+ Kg5 45. Kf1 Be5 46. Nc6
Bf6 47. c5 Kf5 48. d6 Ke6 49. dxc7 Kd7 50. cxb6 Bc3  1-0

[Event "87o Campeonato Brasileiro Absoluto Final Aberta"]
[Site "Cuiaba MT"]
[Date "2021.11.02"]
[Round "9"]
[Board "45"]
[White "Rezende, Uelton Fabricius Alves"]
[Black "Andrade, Roberto Luiz Costa"]
[Result "1/2-1/2"]
[WhiteElo "1784"]
[BlackElo "2060"]
[PlyCount "29"]
[EventDate "2021.10.28"]
[EventRounds "11"]
[EventCountry "BRA"]

1. Nf3 Nf6 2. d4 c5 3. c4 cxd4 4. Nxd4 e5 5. Nb5 d5 6. cxd5 Bc5 7. e3 a6 8.
N5c3 e4 9. Nxe4 Bb4+ 10. Nec3 O-O 11. Bc4 Ng4 12. Qe2 Re8 13. Nd2 Bf5 14. O-O
Nd7 15. Nf3  1/2-1/2

[Event "87o Campeonato Brasileiro Absoluto Final Aberta"]
[Site "Cuiaba MT"]
[Date "2021.11.02"]
[Round "9"]
[Board "46"]
[White "Dos Santos, Clecio Franca"]
[Black "Andrade, Guilherme A. De Souza"]
[Result "1-0"]
[WhiteElo "2031"]
[BlackElo "1852"]
[PlyCount "75"]
[EventDate "2021.10.28"]
[EventRounds "11"]
[EventCountry "BRA"]

1. e4 c5 2. Nf3 d6 3. d4 cxd4 4. Nxd4 Nf6 5. Nc3 a6 6. f3 e5 7. Nb3 Be7 8. a4
Be6 9. Nd5 Bxd5 10. exd5 Nbd7 11. Be3 a5 12. Qd2 Qc7 13. c4 O-O 14. Qf2 b6 15.
Bd3 e4 16. Be2 Nc5 17. Nd4 Nfd7 18. O-O Bf6 19. Nb5 Qb8 20. Ra2 exf3 21. gxf3
Ne5 22. Qg2 Qd8 23. Bf4 Rc8 24. Kh1 Qd7 25. Bxe5 dxe5 26. f4 Rcd8 27. Bg4 Qe7
28. d6 Rxd6 29. Nxd6 Qxd6 30. fxe5 Bxe5 31. Bf3 Ne6 32. b3 Nf4 33. Qd2 Qf6 34.
Bd5 Qd6 35. Qd1 Qh6 36. Raf2 Nxd5 37. Qxd5 Bc3 38. Rxf7  1-0

[Event "87o Campeonato Brasileiro Absoluto Final Aberta"]
[Site "Cuiaba MT"]
[Date "2021.11.02"]
[Round "9"]
[Board "47"]
[White "De Carvalho, Vitor Augusto Ponciano"]
[Black "Bandeira, Tarciano"]
[Result "1-0"]
[WhiteElo "1757"]
[BlackElo "2026"]
[PlyCount "55"]
[EventDate "2021.10.28"]
[EventRounds "11"]
[EventCountry "BRA"]

1. e4 e5 2. d4 exd4 3. Bc4 d6 4. Nf3 Be7 5. Nxd4 Nf6 6. Nc3 Nc6 7. O-O O-O 8.
h3 a6 9. a4 Ne5 10. Bb3 c5 11. Nf3 Be6 12. Nxe5 Bxb3 13. cxb3 dxe5 14. Be3 Qc7
15. Nd5 Nxd5 16. Qxd5 Rfd8 17. Qc4 Rd7 18. Rac1 Rc8 19. f3 Qd8 20. Rc2 Bg5 21.
Bf2 Rd2 22. Qc3 Bf4 23. Rxd2 Qxd2 24. Qxd2 Bxd2 25. Rd1 Rd8 26. Kf1 b6 27. Be3
f6 28. Rxd2  1-0

[Event "87o Campeonato Brasileiro Absoluto Final Aberta"]
[Site "Cuiaba MT"]
[Date "2021.11.02"]
[Round "9"]
[Board "48"]
[White "Pinto, Pedro Jorge De Moraes"]
[Black "Pessoa, Marcio De Souza"]
[Result "0-1"]
[WhiteElo "2010"]
[BlackElo "1818"]
[PlyCount "66"]
[EventDate "2021.10.28"]
[EventRounds "11"]
[EventCountry "BRA"]

1. Nf3 f5 2. b3 Nf6 3. Bb2 e6 4. g3 d5 5. Bg2 Bd6 6. O-O O-O 7. c4 c6 8. d3 Qe7
9. Nc3 Nbd7 10. a3 e5 11. cxd5 cxd5 12. Nb5 Bb8 13. a4 Qd8 14. Ba3 Re8 15. Rc1
Nf8 16. Qc2 Ne6 17. Qb2 a6 18. Nc3 e4 19. Ne1 Be5 20. e3 d4 21. Ne2 Ng4 22.
exd4 Nxd4 23. Nxd4 Bxd4 24. Qe2 exd3 25. Qxe8+ Qxe8 26. Nxd3 Be6 27. h3 Nf6 28.
Rfe1 Qd7 29. Rcd1 Ne4 30. Bxe4 fxe4 31. Nc5 Bxf2+ 32. Kxf2 Qf7+ 33. Kg2 Qf3+
 0-1

[Event "87o Campeonato Brasileiro Absoluto Final Aberta"]
[Site "Cuiaba MT"]
[Date "2021.11.02"]
[Round "9"]
[Board "49"]
[White "Silva, Guilherme Henrique De Mora"]
[Black "Lima, Carlos Eduardo I De Araujo"]
[Result "0-1"]
[WhiteElo "1943"]
[BlackElo "1815"]
[PlyCount "58"]
[EventDate "2021.10.28"]
[EventRounds "11"]
[EventCountry "BRA"]

1. e4 e6 2. d4 d5 3. e5 c5 4. c3 Nc6 5. Nf3 Bd7 6. a3 Qb6 7. b4 cxd4 8. cxd4
Rc8 9. Bb2 Nge7 10. Bd3 Ng6 11. g3 Na5 12. Nbd2 Nc4 13. Qb3 Nxb2 14. Qxb2 Bb5
15. Qb3 Be7 16. h4 Nf8 17. O-O Nd7 18. Kg2 O-O 19. Ng5 g6 20. Rh1 Rc7 21. Rac1
Rfc8 22. Rxc7 Rxc7 23. Ndf3 h6 24. Nh3 Bxd3 25. Qxd3 Qc6 26. Nf4 Qc2 27. Qb5 a6
28. Qb6 Bd8 29. b5 Rc8 {ilegÃƒ^^vel}  0-1